Cloud vie pomôcť. Rozhodujúca je motivácia

Cloud computing ako forma využívania IT infraštruktúry na diaľku. Dôvody zvyšujúcej sa obľuby cloudu. Rôznorodá skladba dodávateľov. Komplexnejšie riešenia. Konzervatívny prístup slovenských firiem. Cloud - flexibilnejšie a efektívnejšie riešenie. Ciele nasadenia cloudového riešenia.

Salvato in:
Dettagli Bibliografici
Autore principale: Andacký, Jozef
Natura: Capitolo di libro
Lingua:slovacco
Soggetti:
Tags: Aggiungi Tag
Nessun Tag, puoi essere il primo ad aggiungerne!!

MARC

LEADER 00000naa a2200000 4500
001 0184782
005 20231113101154.2
041 0 |a slo 
044 |a SK 
245 1 0 |a Cloud vie pomôcť. Rozhodujúca je motivácia  |c Jozef Andacký 
520 |a Cloud computing ako forma využívania IT infraštruktúry na diaľku. Dôvody zvyšujúcej sa obľuby cloudu. Rôznorodá skladba dodávateľov. Komplexnejšie riešenia. Konzervatívny prístup slovenských firiem. Cloud - flexibilnejšie a efektívnejšie riešenie. Ciele nasadenia cloudového riešenia. 
610 2 0 |a technológie informačné 
610 2 0 |a technológie komunikačné 
610 2 0 |a systémy informačné 
610 2 0 |a služby 
100 1 |a Andacký, Jozef